O outono em Pequim (Registo nº 238)

Detalhes MARC
000 -Etiqueta do registo
Cabeçalho 00718nam0a2200253 4500
005 - Identificador da versão
Campo de controlo 20240813121757.0
010 ## - Número internacional normalizado dos livros (ISBN)
Número (ISBN) 8497890663
021 ## - Número do Depósito Legal
Código do país PT
Número B. 39 201-2003
100 ## - Dados gerais de processamento
Dados gerais de processamento 20160512d2003 a e0pory5003 ba
102 ## - Pais de publicação ou produção
País de publicação Portugal
101 1# - Língua de publicação
Língua do texto, banda sonora, etc. Português
Língua do documento no original Francês
215 ## - Descrição física 
Indicação específica da natureza do documento e extensão da espécie 255
200 1# - Titulo e menção de responsabilidade
Título próprio O outono em Pequim
Primeira menção de responsabilidade Boris Vian
Outras menções de responsabilidade trad. de Luísa Neto Jorge
225 2# - Colecção 
Título próprio da colecção Mil folhas
Indicação de volume 73
210 ## - Publicação, Distribuição, etc. 
Lugar da edição, distribuição, etc. Porto
Nome do editor, distribuidor, etc. Público
Data da publicação, distribuição, etc. cop. 2003
606 ## - Nome comum usado como assunto
Número de registo de entrada de autoridade 0002029
Palavra de ordem Literatura francesa
Subdivisão de assunto Romance
Código do sistema CA
675 ## - Classificação Decimal Universal (CDU)
Notação 821.133.1-31
Edição 3ª ed.
Língua da edição por
702 #1 - Nome de autor-pessoa física (responsabilidade secundária)
Número de registo de entrada de autoridade 0002919
Palavra de ordem Jorge
Outra parte do nome não tomada para palavra de ordem Luísa Neto
Código de função Tradutor
700 #1 - Nome de autor-pessoa física (responsabilidade principal)
Número de registo de entrada de autoridade 0002931
Palavra de ordem Vian
Outra parte do nome não tomada para palavra de ordem Boris
Datas 1920-1959
966 ## - Identificação da Biblioteca
Sigla EB2,3ENM
942 ## - Elementos de entrada adicionados (Koha)
Tipo de item no Koha Livro
Exemplares
Situação do levantamento Origin of item (home branch) (coded) Biblioteca de empréstimo Código de barras Cota Circulation type (not for loan) Tipo de documento Nota do exemplar Damaged status
  Biblioteca Escolar Eng. Nuno Mergulhão Biblioteca Escolar Eng. Nuno Mergulhão BENM879 82LE-3 VIA   Livro Sem mensagem